1058 1015 1225 1508 1760 1643 1559 1964 1006 1369 1268 1634 1819 1947 1799 1147 1186 1361 1901 1264 1807 1278 1002 1883 1572 1854 1858 1374 1864 1853 1021 1519 1163 1620 1750 1724 1792 1922 1243 1802 1056 1656 1142 1590 1350 1669 1443 1580 1068 1671 1085 1375 1395 1670 1101 1454 1127 1071 1139 1276 1104 1862 1133 1153 1642 1020 1217 1604 1692 1252 1746 1951 1815 1142 1683 1444 1364 1334 1747 1700 1311 1116 1115 1142 1994 1601 1099 1612 1573 1869 1173 1042 1618 1034 1865 1754 1454 1705 1591 BCNSPRNW ULIB Ver.6.0+V

เปลี่ยนเป็นภาษาไทย

Change to English
 แสดงรายละเอียดบรรณานุกรม
  กลับหน้าหลัก

Brief Record : Get Marc (ISO 2709) : E-mail record : QR code < ปิดหน้าต่าง
LEADER : 00000nam 2200000uu 4500
001    13399129200
003     ULIB
008    260511s2567||||th 000 0 tha d
020 ^^ ^a9786162963063
060 ^^ ^aWQ100^bธ523น
100 ^^ ^aธารางรัตน์ หาญประเสริฐพงษ์
245 ^^ ^aแนวทางการซักประวัติทางสูตินรีเวชวิทยาสำหรับแพทย์เวชปฏิบัติทั่วไป/^cธารางรัตน์ หาญประเสริฐพงษ์
245 ^O ^aB & GYN history taking for general practitioners
260 ^^ ^aนครนายก : ^bภาควิชาสูติศาสตร์-นรีเวชวิทยา คณะแพทยศาสตร์ มหาวิทยาลัยศรีนครินทรวิโรฒ ,^c2567
300 ^^ ^a156 หน้า : ^bภาพประกอบ
650 ^^ ^aนรีเวชวิทยา
650 ^^ ^aสูติศาสตร์
650 ^ก ^aารซักประวัติผู้ป่วย
999    ^aประนอม เกษจรัล
รายการนี้ยังไม่มีแท็ก
คุณยังไม่ได้ล็อกอิน คุณสามารถมีกิจกรรมร่วมกับเว็บไซต์ได้ แต่ต้องล็อกอินก่อน ::
  ล็อกอิน

รายการสื่อสารสนเทศ

ลำดับที่ ประเภท เลขเรียก/บาร์โค้ด สถานที่ สถานะ
1. วิทยาศาสตร์การแพทย์ และสุขภาพ
หนังสือสำรอง
สถานะ=หนังสือสำรอง
WQ100 ธ523น ฉ.1 
  Barcode: 012133
ห้องสมุดวิทยาเขตสวรรค์ประชารักษ์
►หนังสือทั่วไป
บนชั้น
2. วิทยาศาสตร์การแพทย์ และสุขภาพ
วิทยาศาสตร์การแพทย์ และสุขภาพ
WQ100 ธ523น ฉ.2 
  Barcode: 012134
ห้องสมุดวิทยาเขตสวรรค์ประชารักษ์
►หนังสือทั่วไป
บนชั้น
3. วิทยาศาสตร์การแพทย์ และสุขภาพ
วิทยาศาสตร์การแพทย์ และสุขภาพ
WQ100 ธ523น ฉ.3 
  Barcode: 012135
ห้องสมุดวิทยาเขตสวรรค์ประชารักษ์
►หนังสือทั่วไป
บนชั้น
4. วิทยาศาสตร์การแพทย์ และสุขภาพ
วิทยาศาสตร์การแพทย์ และสุขภาพ
WQ100 ธ523น ฉ.4 
  Barcode: 012136
ห้องสมุดวิทยาเขตสวรรค์ประชารักษ์
►หนังสือทั่วไป
บนชั้น
5. วิทยาศาสตร์การแพทย์ และสุขภาพ
วิทยาศาสตร์การแพทย์ และสุขภาพ
WQ100 ธ523น ฉ.5 
  Barcode: 012137
ห้องสมุดวิทยาเขตสวรรค์ประชารักษ์
►หนังสือทั่วไป
บนชั้น

รายการใกล้เคียง
    ผู้แต่ง [ธารางรัตน์ หาญประเสริฐพงษ์]

    หัวเรื่อง [นรีเวชวิทยา]
    หัวเรื่อง [สูติศาสตร์]
    หัวเรื่อง [ารซักประวัติผู้ป่วย]

BibComment


ยังไม่เคยถูกคอมเมนท์

คอมเมนท์ทรัพยากรรายการนี้
  คอมเมนท์: แนวทางการซักประว..


 Copyright 2026. Bcnsprnw @Library